[Event "DEM U18w 2017"]
[Site "Willingen GER"]
[Date "2017.06.07"]
[Round "6"]
[White "Wiesner, Paula"]
[Black "Rogozenco, Teodora"]
[Result "1/2-1/2"]
[Termination "normal"]
[Board "1"]
[BlackTitle "WFM"]
[WhiteElo "2061"]
[BlackElo "2139"]
[WhiteClock "00:07:42"]
[BlackClock "00:04:39"]
[PlyCount "155"]
[WhiteFideId "24654019"]
[BlackFideId "12938084"]
[EventCountry "GER"]
[EventRounds "9"]
[EventType "swiss"]
[EventDate "2017.06.03"]

1. d4 {[%clk 1:30:59]} 1... Nf6 {[%clk 1:30:55]} 2. c4 {[%clk 1:31:26]} 2... g6
{[%clk 1:31:18]} 3. Nc3 {[%clk 1:31:53]} 3... Bg7 {[%clk 1:31:39]} 4. e4 {
[%clk 1:32:19]} 4... d6 {[%clk 1:32:03]} 5. Be2 {[%clk 1:32:38]} 5... O-O {
[%clk 1:32:24]} 6. Bg5 {[%clk 1:32:58]} 6... h6 {[%clk 1:32:33]} 7. Be3 { [%clk
1:33:14]} 7... c5 {[%clk 1:32:57]} 8. d5 {[%clk 1:32:43]} 8... e6 { [%clk
1:33:21]} 9. Qd2 {[%clk 1:32:09]} 9... exd5 {[%clk 1:33:44]} 10. exd5 { [%clk
1:32:22]} 10... Kh7 {[%clk 1:34:02]} 11. Nf3 {[%clk 1:31:03]} 11... Bf5 { [%clk
1:34:02]} 12. O-O {[%clk 1:28:48]} 12... Ne4 {[%clk 1:34:13]} 13. Nxe4 { [%clk
1:28:49]} 13... Bxe4 {[%clk 1:34:37]} 14. Ne1 {[%clk 1:20:32]} 14... Re8 {[%clk
1:34:48]} 15. Bd3 {[%clk 1:17:56]} 15... Nd7 {[%clk 1:10:13]} 16. Rb1 { [%clk
1:10:37]} 16... Qh4 {[%clk 1:04:25]} 17. b4 {[%clk 1:00:48]} 17... b6 { [%clk
0:53:18]} 18. Bf4 {[%clk 0:46:18]} 18... Bxd3 {[%clk 0:16:40]} 19. Nxd3 { [%clk
0:46:01]} 19... Ne5 {[%clk 0:16:57]} 20. Bxe5 {[%clk 0:42:41]} 20... Bxe5
{[%clk 0:17:20]} 21. Nxe5 {[%clk 0:42:59]} 21... Rxe5 {[%clk 0:17:45]} 22. bxc5
{[%clk 0:39:13]} 22... Qxc4 {[%clk 0:16:33]} 23. Rfc1 {[%clk 0:30:50]} 23...
Qxd5 {[%clk 0:16:26]} 24. Qxd5 {[%clk 0:31:16]} 24... Rxd5 {[%clk 0:16:51]} 25.
cxb6 {[%clk 0:31:37]} 25... axb6 {[%clk 0:17:16]} 26. Rd1 {[%clk 0:30:53]}
26... Rxd1+ {[%clk 0:16:00]} 27. Rxd1 {[%clk 0:31:20]} 27... Rxa2 { [%clk
0:16:14]} 28. Kf1 {[%clk 0:27:17]} 28... Ra7 {[%clk 0:16:26]} 29. Rxd6 { [%clk
0:27:40]} 29... Rb7 {[%clk 0:16:52]} 30. Rd4 {[%clk 0:26:47]} 30... b5 { [%clk
0:17:00]} 31. Rb4 {[%clk 0:27:13]} 31... Kg7 {[%clk 0:16:47]} 32. Ke2 { [%clk
0:26:39]} 32... Kf6 {[%clk 0:16:01]} 33. Kd3 {[%clk 0:23:32]} 33... Ke5 { [%clk
0:16:14]} 34. f4+ {[%clk 0:22:53]} 34... Kd5 {[%clk 0:15:30]} 35. f5 { [%clk
0:21:53]} 35... gxf5 {[%clk 0:15:07]} 36. Kc3 {[%clk 0:19:42]} 36... Rb6 {[%clk
0:13:49]} 37. Kb3 {[%clk 0:19:11]} 37... Ke6 {[%clk 0:07:12]} 38. g3 { [%clk
0:16:57]} 38... Ke5 {[%clk 0:07:32]} 39. Kc3 {[%clk 0:15:57]} 39... Rc6+ {[%clk
0:01:33]} 40. Kb3 {[%clk 0:16:00]} 40... Rb6 {[%clk 0:01:34]} 41. Ka3 { [%clk
0:11:33]} 41... Kf6 {[%clk 0:01:05]} 42. Kb3 {[%clk 0:09:08]} 42... Kg5 { [%clk
0:01:29]} 43. Kc3 {[%clk 0:28:44]} 43... Rc6+ {[%clk 0:29:38]} 44. Kd3 { [%clk
0:29:00]} 44... Rc5 {[%clk 0:27:53]} 45. Ke3 {[%clk 0:28:02]} 45... h5 { [%clk
0:24:09]} 46. Kd3 {[%clk 0:27:09]} 46... Re5 {[%clk 0:23:52]} 47. Kd2 { [%clk
0:26:17]} 47... Rd5+ {[%clk 0:20:23]} 48. Kc3 {[%clk 0:22:02]} 48... f6 { [%clk
0:19:26]} 49. Kc2 {[%clk 0:22:08]} 49... f4 {[%clk 0:17:17]} 50. Rxf4 { [%clk
0:21:36]} 50... Rf5 {[%clk 0:17:43]} 51. Rb4 {[%clk 0:20:45]} 51... Rf2+ {[%clk
0:17:34]} 52. Kd3 {[%clk 0:20:53]} 52... Rxh2 {[%clk 0:17:06]} 53. Rxb5+ {[%clk
0:21:17]} 53... Kg4 {[%clk 0:17:27]} 54. Ke3 {[%clk 0:19:39]} 54... Rg2 {[%clk
0:17:02]} 55. Rb4+ {[%clk 0:17:38]} 55... Kxg3 {[%clk 0:17:14]} 56. Rb8 {[%clk
0:16:56]} 56... Ra2 {[%clk 0:13:42]} 57. Rg8+ {[%clk 0:17:06]} 57... Kh3 {[%clk
0:12:26]} 58. Rg6 {[%clk 0:15:58]} 58... Ra6 {[%clk 0:12:11]} 59. Kf3 { [%clk
0:14:44]} 59... h4 {[%clk 0:12:30]} 60. Rh6 {[%clk 0:11:05]} 60... Rb6 { [%clk
0:11:22]} 61. Rg6 {[%clk 0:10:09]} 61... Rc6 {[%clk 0:07:24]} 62. Rh6 { [%clk
0:09:00]} 62... Rc3+ {[%clk 0:06:55]} 63. Ke4 {[%clk 0:09:01]} 63... Rc4+
{[%clk 0:01:32]} 64. Kf3 {[%clk 0:08:15]} 64... Rc6 {[%clk 0:01:56]} 65. Rg6 {
[%clk 0:07:59]} 65... Kh2 {[%clk 0:01:45]} 66. Rg2+ {[%clk 0:07:18]} 66... Kh1
{[%clk 0:02:10]} 67. Ra2 {[%clk 0:07:29]} 67... f5 {[%clk 0:01:42]} 68. Kf4 {
[%clk 0:06:57]} 68... Rc5 {[%clk 0:01:14]} 69. Ra1+ {[%clk 0:06:56]} 69... Kg2
{[%clk 0:01:40]} 70. Ra2+ {[%clk 0:07:20]} 70... Kg1 {[%clk 0:01:59]} 71. Ra1+
{[%clk 0:07:34]} 71... Kf2 {[%clk 0:02:25]} 72. Ra2+ {[%clk 0:07:45]} 72... Ke1
{[%clk 0:02:51]} 73. Rh2 {[%clk 0:06:52]} 73... Kd1 {[%clk 0:02:59]} 74. Rxh4 {
[%clk 0:06:55]} 74... Rc4+ {[%clk 0:03:24]} 75. Kg5 {[%clk 0:07:01]} 75... Rxh4
{[%clk 0:03:49]} 76. Kxh4 {[%clk 0:07:28]} 76... Ke2 {[%clk 0:04:14]} 77. Kg5 {
[%clk 0:07:51]} 77... Ke3 {[%clk 0:04:39]} 78. Kxf5 {[%clk 0:07:42]  Ke4+  Ke5+
} 1/2-1/2

[Event "DEM U18w 2017"]
[Site "Willingen GER"]
[Date "2017.06.07"]
[Round "6"]
[White "Sieber, Fiona"]
[Black "Ley, Sabrina"]
[Result "1-0"]
[Termination "normal"]
[Board "2"]
[WhiteTitle "WFM"]
[WhiteElo "2332"]
[BlackElo "1888"]
[WhiteClock "00:10:51"]
[BlackClock "00:30:30"]
[PlyCount "52"]
[WhiteFideId "12902373"]
[BlackFideId "12938130"]
[EventCountry "GER"]
[EventRounds "9"]
[EventType "swiss"]
[EventDate "2017.06.03"]

1. e4 {[%clk 1:30:58]} 1... c6 {[%clk 1:30:56]} 2. d4 {[%clk 1:30:04]} 2... d5
{[%clk 1:31:20]} 3. Nc3 {[%clk 1:30:04]} 3... dxe4 {[%clk 1:31:11]} 4. Nxe4 {
[%clk 1:30:26]} 4... Nf6 {[%clk 1:31:24]} 5. Nxf6+ {[%clk 1:29:30]} 5... exf6 {
[%clk 1:31:22]} 6. Nf3 {[%clk 1:28:52]} 6... Be6 {[%clk 1:29:55]} 7. Be3 {
[%clk 1:25:30]} 7... Bd6 {[%clk 1:28:21]} 8. Be2 {[%clk 1:23:07]} 8... Nd7 {
[%clk 1:24:37]} 9. O-O {[%clk 1:22:03]} 9... Nb6 {[%clk 1:20:49]} 10. Qd2 {
[%clk 1:07:16]} 10... Qd7 {[%clk 1:17:28]} 11. b3 {[%clk 0:58:58]} 11... g5 {
[%clk 0:49:49]} 12. c4 {[%clk 0:56:11]} 12... Bc7 {[%clk 0:44:25]} 13. Rfd1 {
[%clk 0:53:14]} 13... O-O-O {[%clk 0:39:09]} 14. d5 {[%clk 0:41:40]} 14... cxd5
{[%clk 0:24:17]} 15. c5 {[%clk 0:42:08]} 15... Na8 {[%clk 0:23:42]} 16. c6 {
[%clk 0:29:32]} 16... Qxc6 {[%clk 0:21:18]} 17. Bxa7 {[%clk 0:29:37]} 17... Qd6
{[%clk 0:15:29]} 18. g3 {[%clk 0:26:25]} 18... h5 {[%clk 0:13:24]} 19. Rac1 {
[%clk 0:23:07]} 19... h4 {[%clk 0:09:13]} 20. Qa5 {[%clk 0:18:26]} 20... hxg3 {
[%clk 0:06:27]} 21. hxg3 {[%clk 0:14:29]} 21... Rh3 {[%clk 0:05:39]} 22. Be3 {
[%clk 0:11:40]} 22... Rxg3+ {[%clk 0:02:46]} 23. Kf1 {[%clk 0:12:09]} 23...
Bh3+ {[%clk 0:01:50]} 24. Ke1 {[%clk 0:12:38]} 24... Kd7 {[%clk 0:00:49]} 25.
Qa4+ {[%clk 0:13:07]} 25... Ke6 {[%clk 0:00:47]} 26. Nd4+ {[%clk 0:10:51]}
26... Ke5 {[%clk 0:30:30]} 1-0

[Event "DEM U18w 2017"]
[Site "Willingen GER"]
[Date "2017.06.07"]
[Round "6"]
[White "Weis, Olga"]
[Black "Wächter, Nathalie"]
[Result "1/2-1/2"]
[Termination "normal"]
[Board "3"]
[WhiteElo "1871"]
[BlackElo "1994"]
[WhiteClock "00:13:43"]
[BlackClock "00:14:29"]
[PlyCount "85"]
[WhiteFideId "1270234"]
[BlackFideId "12921033"]
[EventCountry "GER"]
[EventRounds "9"]
[EventType "swiss"]
[EventDate "2017.06.03"]

1. d4 {[%clk 1:30:58]} 1... Nf6 {[%clk 1:30:53]} 2. c4 {[%clk 1:29:50]} 2... e6
{[%clk 1:31:15]} 3. Nc3 {[%clk 1:23:53]} 3... d5 {[%clk 1:31:33]} 4. cxd5 {
[%clk 1:23:41]} 4... exd5 {[%clk 1:31:56]} 5. Bg5 {[%clk 1:23:28]} 5... Be7 {
[%clk 1:31:47]} 6. e3 {[%clk 1:23:39]} 6... c6 {[%clk 1:31:37]} 7. Bd3 { [%clk
1:23:35]} 7... Nbd7 {[%clk 1:31:54]} 8. Qc2 {[%clk 1:23:25]} 8... O-O { [%clk
1:31:11]} 9. Nge2 {[%clk 1:23:04]} 9... Re8 {[%clk 1:30:48]} 10. h3 { [%clk
1:23:12]} 10... Nf8 {[%clk 1:30:17]} 11. g4 {[%clk 1:23:04]} 11... Ne4 { [%clk
1:26:42]} 12. Bxe7 {[%clk 1:14:58]} 12... Qxe7 {[%clk 1:26:55]} 13. Bxe4 {[%clk
1:13:47]} 13... dxe4 {[%clk 1:23:42]} 14. Ng3 {[%clk 1:13:47]} 14... Be6 {[%clk
1:15:28]} 15. Ngxe4 {[%clk 1:05:44]} 15... f5 {[%clk 1:13:21]} 16. gxf5 {[%clk
1:00:53]} 16... Bxf5 {[%clk 1:10:57]} 17. f3 {[%clk 0:59:02]} 17... Ng6 {[%clk
1:04:01]} 18. O-O-O {[%clk 0:34:48]} 18... Nh4 {[%clk 1:01:08]} 19. Rdf1 {[%clk
0:33:39]} 19... Nxf3 {[%clk 0:50:33]} 20. Rxf3 {[%clk 0:33:51]} 20... Bxe4
{[%clk 0:50:45]} 21. Nxe4 {[%clk 0:34:14]} 21... Qxe4 {[%clk 0:50:53]} 22. Qg2
{[%clk 0:33:50]} 22... Qd5 {[%clk 0:32:00]} 23. Rg1 {[%clk 0:30:00]} 23... Re7
{[%clk 0:30:41]} 24. Kb1 {[%clk 0:28:26]} 24... Rae8 {[%clk 0:30:08]} 25. Qf2
{[%clk 0:27:20]} 25... Rf7 {[%clk 0:19:10]} 26. Rf1 {[%clk 0:20:38]} 26... Qe4+
{[%clk 0:19:14]} 27. Ka1 {[%clk 0:19:05]} 27... Rxf3 {[%clk 0:16:26]} 28. Qxf3
{[%clk 0:19:30]} 28... Qe7 {[%clk 0:09:32]} 29. e4 {[%clk 0:13:56]} 29... h6
{[%clk 0:09:16]} 30. Qb3+ {[%clk 0:11:56]} 30... Kh8 {[%clk 0:09:11]} 31. Re1
{[%clk 0:08:18]} 31... Qh4 {[%clk 0:08:07]} 32. Qe3 {[%clk 0:08:24]} 32... Rd8
{[%clk 0:07:55]} 33. Rd1 {[%clk 0:07:18]} 33... Qh5 {[%clk 0:05:53]} 34. Rf1
{[%clk 0:05:23]} 34... Qh4 {[%clk 0:04:45]} 35. a3 {[%clk 0:04:54]} 35... Qe7
{[%clk 0:02:46]} 36. e5 {[%clk 0:04:01]} 36... Qe6 {[%clk 0:01:54]} 37. Rf4
{[%clk 0:02:33]} 37... c5 {[%clk 0:01:40]} 38. h4 {[%clk 0:01:26]} 38... cxd4 {
[%clk 0:01:36]} 39. Rxd4 {[%clk 0:01:46]} 39... Rf8 {[%clk 0:01:30]} 40. Qe2 {
[%clk 0:01:04]} 40... Rc8 {[%clk 0:01:11]} 41. Rd1 {[%clk 0:24:52]} 41... a6 {
[%clk 0:27:14]} 42. Qe4 42... b5 {[%clk 0:14:29]} 43. Kb1 {[%clk 0:13:43]}
1/2-1/2

[Event "DEM U18w 2017"]
[Site "Willingen GER"]
[Date "2017.06.07"]
[Round "6"]
[White "Yi, Wendy"]
[Black "Moses, Selina"]
[Result "0-1"]
[Termination "normal"]
[Board "4"]
[WhiteElo "1693"]
[BlackElo "1948"]
[WhiteClock "00:10:00"]
[BlackClock "00:14:41"]
[PlyCount "138"]
[WhiteFideId "16224850"]
[BlackFideId "12908070"]
[EventCountry "GER"]
[EventRounds "9"]
[EventType "swiss"]
[EventDate "2017.06.03"]

1. e4 {[%clk 1:30:58]} 1... c5 {[%clk 1:30:56]} 2. c3 {[%clk 1:31:16]} 2... d5
{[%clk 1:31:20]} 3. exd5 {[%clk 1:31:39]} 3... Qxd5 {[%clk 1:31:45]} 4. d4 {
[%clk 1:31:49]} 4... Nf6 {[%clk 1:32:00]} 5. Nf3 {[%clk 1:32:01]} 5... Bg4 {
[%clk 1:32:18]} 6. Nbd2 {[%clk 1:32:22]} 6... e6 {[%clk 1:31:31]} 7. Qa4+ {
[%clk 1:32:21]} 7... Nbd7 {[%clk 1:19:40]} 8. Bc4 {[%clk 1:25:58]} 8... Qd6 {
[%clk 1:17:00]} 9. Bb5 {[%clk 1:18:13]} 9... Bxf3 {[%clk 1:11:17]} 10. Nxf3 {
[%clk 1:18:12]} 10... a6 {[%clk 1:10:56]} 11. Bg5 {[%clk 1:03:26]} 11... Rc8 {
[%clk 1:07:37]} 12. Be2 {[%clk 0:59:00]} 12... b5 {[%clk 1:00:19]} 13. dxc5 {
[%clk 0:54:41]} 13... Qxc5 {[%clk 0:58:14]} 14. Qxa6 {[%clk 0:53:42]} 14... b4
{[%clk 0:53:57]} 15. cxb4 {[%clk 0:48:22]} 15... Qxb4+ {[%clk 0:53:09]} 16. Bd2
{[%clk 0:48:43]} 16... Qb8 {[%clk 0:53:17]} 17. O-O {[%clk 0:48:01]} 17... Bd6
{[%clk 0:49:56]} 18. Bc3 {[%clk 0:46:56]} 18... O-O {[%clk 0:49:28]} 19. Rfd1 {
[%clk 0:44:12]} 19... Nd5 {[%clk 0:46:59]} 20. h3 {[%clk 0:38:11]} 20... Nc5 {
[%clk 0:43:45]} 21. Qc4 {[%clk 0:35:07]} 21... Nxc3 {[%clk 0:39:19]} 22. Qxc3 {
[%clk 0:33:32]} 22... Be7 {[%clk 0:37:06]} 23. Qe5 {[%clk 0:28:27]} 23... Bf6 {
[%clk 0:30:31]} 24. Qxb8 {[%clk 0:28:40]} 24... Rxb8 {[%clk 0:30:57]} 25. Rab1
{[%clk 0:27:34]} 25... Bxb2 {[%clk 0:27:03]} 26. Nd2 {[%clk 0:23:50]} 26... Na4
{[%clk 0:20:32]} 27. Nb3 {[%clk 0:18:39]} 27... Bf6 {[%clk 0:18:55]} 28. Rd3 {
[%clk 0:16:56]} 28... Nc3 {[%clk 0:17:43]} 29. Rb2 {[%clk 0:16:45]} 29... Ra8 {
[%clk 0:17:35]} 30. Nc1 {[%clk 0:15:50]} 30... Rfc8 {[%clk 0:17:40]} 31. Bf3 {
[%clk 0:15:02]} 31... Nxa2 {[%clk 0:13:29]} 32. Nxa2 {[%clk 0:12:15]} 32...
Bxb2 {[%clk 0:13:53]} 33. Bxa8 {[%clk 0:12:39]} 33... Rxa8 {[%clk 0:14:17]} 34.
Rd2 {[%clk 0:12:06]} 34... Be5 {[%clk 0:11:51]} 35. g4 {[%clk 0:11:31]} 35...
f6 {[%clk 0:10:01]} 36. Kg2 {[%clk 0:11:32]} 36... Rb8 {[%clk 0:09:27]} 37. Rc2
{[%clk 0:11:18]} 37... Rb2 {[%clk 0:08:29]} 38. Rxb2 {[%clk 0:11:36]} 38...
Bxb2 {[%clk 0:08:55]} 39. Nb4 {[%clk 0:11:59]} 39... Kf7 {[%clk 0:08:41]} 40.
Nd3 {[%clk 0:11:49]} 40... Bd4 {[%clk 0:08:47]} 41. Kf3 {[%clk 0:08:59]} 41...
f5 {[%clk 0:04:23]} 42. Kg3 {[%clk 0:06:24]} 42... Kf6 {[%clk 0:29:41]} 43. f3
{[%clk 0:32:39]} 43... g5 {[%clk 0:23:54]} 44. h4 {[%clk 0:28:08]} 44... f4+ {
[%clk 0:22:52]} 45. Kh3 {[%clk 0:27:55]} 45... h6 {[%clk 0:22:34]} 46. h5 {
[%clk 0:27:37]} 46... e5 {[%clk 0:22:40]} 47. Kg2 {[%clk 0:27:49]} 47... Ke6 {
[%clk 0:22:49]} 48. Kf1 {[%clk 0:28:07]} 48... Kd5 {[%clk 0:23:07]} 49. Ke2 {
[%clk 0:27:54]} 49... e4 {[%clk 0:22:21]} 50. fxe4+ {[%clk 0:28:11]} 50... Kxe4
{[%clk 0:22:46]} 51. Ne1 {[%clk 0:28:32]} 51... f3+ {[%clk 0:19:12]} 52. Nxf3 {
[%clk 0:28:32]} 52... Bb6 {[%clk 0:19:30]} 53. Ne1 {[%clk 0:21:54]} 53... Kf4 {
[%clk 0:19:26]} 54. Kf1 {[%clk 0:21:32]} 54... Kxg4 {[%clk 0:19:36]} 55. Kg2 {
[%clk 0:21:28]} 55... Kxh5 {[%clk 0:19:50]} 56. Nf3 {[%clk 0:21:38]} 56... Bc7
{[%clk 0:17:53]} 57. Kh3 {[%clk 0:19:41]} 57... g4+ {[%clk 0:17:03]} 58. Kg2 {
[%clk 0:20:02]} 58... Kg6 {[%clk 0:16:55]} 59. Nd4 {[%clk 0:17:18]} 59... h5 {
[%clk 0:16:37]} 60. Nc2 {[%clk 0:16:09]} 60... Bb6 {[%clk 0:15:03]} 61. Ne1 {
[%clk 0:15:17]} 61... h4 {[%clk 0:14:17]} 62. Nd3 {[%clk 0:14:54]} 62... h3+ {
[%clk 0:14:28]} 63. Kh1 {[%clk 0:14:34]} 63... Kg5 {[%clk 0:13:44]} 64. Ne5 {
[%clk 0:13:14]} 64... g3 {[%clk 0:14:06]} 65. Nf3+ {[%clk 0:10:32]} 65... Kf4 {
[%clk 0:14:07]} 66. Ne1 {[%clk 0:10:25]} 66... Bf2 {[%clk 0:14:15]} 67. Nd3+ {
[%clk 0:09:57]} 67... Kf3 {[%clk 0:13:59]} 68. Nxf2 {[%clk 0:09:46]} 68... gxf2
{[%clk 0:14:23]} 69. Kh2 {[%clk 0:10:00]} 69... f1=R {[%clk 0:14:41]} 0-1

[Event "DEM U18w 2017"]
[Site "Willingen GER"]
[Date "2017.06.07"]
[Round "6"]
[White "Gatzke, Carolin"]
[Black "Hartmann, Cora"]
[Result "1-0"]
[Termination "normal"]
[Board "5"]
[WhiteElo "1778"]
[BlackElo "1788"]
[WhiteClock "00:03:53"]
[BlackClock "00:15:57"]
[PlyCount "59"]
[WhiteFideId "12943746"]
[BlackFideId "16200764"]
[EventCountry "GER"]
[EventRounds "9"]
[EventType "swiss"]
[EventDate "2017.06.03"]

1. e4 {[%clk 1:30:58]} 1... e5 {[%clk 1:30:55]} 2. Nf3 {[%clk 1:31:20]} 2...
Nc6 {[%clk 1:31:21]} 3. c3 {[%clk 1:31:43]} 3... Nf6 {[%clk 1:31:30]} 4. d3 {
[%clk 1:32:02]} 4... Bc5 {[%clk 1:30:13]} 5. Be2 {[%clk 1:30:22]} 5... d6 {
[%clk 1:29:56]} 6. Bg5 {[%clk 1:28:32]} 6... h6 {[%clk 1:28:03]} 7. Be3 { [%clk
1:27:24]} 7... Bb6 {[%clk 1:27:36]} 8. Na3 {[%clk 1:22:25]} 8... Be6 { [%clk
1:22:15]} 9. Nc2 {[%clk 1:20:06]} 9... d5 {[%clk 1:19:41]} 10. exd5 { [%clk
1:16:18]} 10... Nxd5 {[%clk 1:19:02]} 11. d4 {[%clk 1:12:41]} 11... e4 { [%clk
1:07:44]} 12. Nd2 {[%clk 1:11:38]} 12... Nf6 {[%clk 0:53:37]} 13. Nc4 { [%clk
1:07:37]} 13... O-O {[%clk 0:49:03]} 14. O-O {[%clk 1:01:15]} 14... Nd5 { [%clk
0:45:08]} 15. Nxb6 {[%clk 0:56:01]} 15... Nxb6 {[%clk 0:44:48]} 16. f3 { [%clk
0:49:08]} 16... Bd5 {[%clk 0:40:31]} 17. fxe4 {[%clk 0:44:11]} 17... Bxe4
{[%clk 0:40:50]} 18. Bd3 {[%clk 0:40:28]} 18... Re8 {[%clk 0:37:35]} 19. Bxe4 {
[%clk 0:31:08]} 19... Rxe4 {[%clk 0:37:58]} 20. Qf3 {[%clk 0:31:21]} 20... Re7
{[%clk 0:32:30]} 21. Rf2 {[%clk 0:19:22]} 21... Qd5 {[%clk 0:31:42]} 22. Qg3 {
[%clk 0:18:39]} 22... Kh8 {[%clk 0:28:28]} 23. Bf4 {[%clk 0:17:10]} 23... Qd7 {
[%clk 0:27:55]} 24. Raf1 {[%clk 0:11:47]} 24... Rae8 {[%clk 0:24:57]} 25. Qh4 {
[%clk 0:08:26]} 25... Qe6 {[%clk 0:18:41]} 26. Bg5 {[%clk 0:06:10]} 26... f6 {
[%clk 0:15:44]} 27. Bxh6 {[%clk 0:03:28]} 27... gxh6 {[%clk 0:16:07]} 28. Rxf6
{[%clk 0:03:42]} 28... Qe4 {[%clk 0:16:08]} 29. Qxh6+ {[%clk 0:03:42]} 29...
Kg8 {[%clk 0:15:57]} 30. Rf8+ {[%clk 0:03:53]} 1-0

[Event "DEM U18w 2017"]
[Site "Willingen GER"]
[Date "2017.06.07"]
[Round "6"]
[White "Diener, Carolin Valeria"]
[Black "Klenk, Sofie"]
[Result "0-1"]
[Termination "normal"]
[Board "6"]
[WhiteElo "1909"]
[BlackElo "1876"]
[WhiteClock "00:26:07"]
[BlackClock "00:45:38"]
[PlyCount "56"]
[WhiteFideId "24699063"]
[BlackFideId "12996653"]
[EventCountry "GER"]
[EventRounds "9"]
[EventType "swiss"]
[EventDate "2017.06.03"]

1. e4 {[%clk 1:30:58]} 1... c5 {[%clk 1:30:57]} 2. Nf3 {[%clk 1:31:22]} 2...
Nc6 {[%clk 1:31:21]} 3. Bb5 {[%clk 1:31:42]} 3... Na5 {[%clk 1:31:47]} 4. O-O {
[%clk 1:30:37]} 4... a6 {[%clk 1:32:12]} 5. Be2 {[%clk 1:30:35]} 5... d6 {
[%clk 1:31:53]} 6. d4 {[%clk 1:29:54]} 6... cxd4 {[%clk 1:32:16]} 7. Nxd4 {
[%clk 1:30:14]} 7... Nf6 {[%clk 1:32:26]} 8. Bd3 {[%clk 1:24:39]} 8... e6 {
[%clk 1:29:40]} 9. c4 {[%clk 1:24:26]} 9... Be7 {[%clk 1:27:16]} 10. Nc3 {
[%clk 1:23:41]} 10... O-O {[%clk 1:27:06]} 11. Kh1 {[%clk 1:23:32]} 11... Qc7 {
[%clk 1:26:47]} 12. Qe2 {[%clk 1:22:49]} 12... Nc6 {[%clk 1:25:35]} 13. Nc2 {
[%clk 1:19:13]} 13... b6 {[%clk 1:21:28]} 14. f4 {[%clk 1:17:31]} 14... Bb7 {
[%clk 1:20:35]} 15. g4 {[%clk 1:11:09]} 15... d5 {[%clk 0:52:29]} 16. cxd5 {
[%clk 0:59:12]} 16... exd5 {[%clk 0:52:50]} 17. Nxd5 {[%clk 0:50:20]} 17...
Nxd5 {[%clk 0:52:32]} 18. exd5 {[%clk 0:50:45]} 18... Nb4 {[%clk 0:51:55]} 19.
Nxb4 {[%clk 0:38:26]} 19... Bxb4 {[%clk 0:52:13]} 20. Bxh7+ {[%clk 0:38:22]}
20... Kxh7 {[%clk 0:51:46]} 21. Qe4+ {[%clk 0:38:11]} 21... Kg8 {[%clk 0:52:14]
} 22. Qxb4 {[%clk 0:38:28]} 22... Bxd5+ {[%clk 0:52:34]} 23. Kg1 { [%clk
0:38:51]} 23... Qc2 {[%clk 0:47:11]} 24. Qd2 {[%clk 0:31:37]} 24... Qe4 { [%clk
0:45:46]} 25. Rd1 {[%clk 0:25:47]} 25... Qh1+ {[%clk 0:45:33]} 26. Kf2 { [%clk
0:26:13]} 26... Qg2+ {[%clk 0:45:54]} 27. Ke3 {[%clk 0:25:44]} 27... Qf3+
{[%clk 0:45:14]} 28. Kd4 {[%clk 0:26:07]} 28... Qe4+ {[%clk 0:45:38]} 0-1

[Event "DEM U18w 2017"]
[Site "Willingen GER"]
[Date "2017.06.07"]
[Round "6"]
[White "Schumann, Rabea"]
[Black "Leser, Katrin"]
[Result "1/2-1/2"]
[Termination "normal"]
[Board "7"]
[WhiteElo "1858"]
[BlackElo "1912"]
[PlyCount "65"]
[WhiteFideId "12918199"]
[BlackFideId "12997692"]
[EventCountry "GER"]
[EventRounds "9"]
[EventType "swiss"]
[EventDate "2017.06.03"]

1. c4 e5 2. Nc3 Nf6 3. g3 d5 4. cxd5 Nxd5 5. Bg2 Nb6 6. Nf3 Nc6 7. O-O Be7 8.
a3 O-O 9. b4 Be6 10. Rb1 f6 11. Ne4 Bd5 12. Nc5 Qc8 13. Qc2 Bf7 14. d3 Nd7 15.
Be3 a5 16. Nxd7 Qxd7 17. b5 Nd4 18. Nxd4 exd4 19. Bf4 c6 20. bxc6 bxc6 21. Qa4
Bd5 22. Bxd5+ Qxd5 23. Rb6 Bc5 24. Qxc6 Qxc6 25. Rxc6 Bxa3 26. Ra1 Bb2 27. Ra2
Bc3 28. Ra4 Rac8 29. Rc7 Rfd8 30. Ra7 Ra8 31. Rb7 Rac8 32. Ra7 Ra8 33. Rb7
1/2-1/2

[Event "DEM U18w 2017"]
[Site "Willingen GER"]
[Date "2017.06.07"]
[Round "6"]
[White "Halas, Julia"]
[Black "Sewald, Kathrin"]
[Result "1-0"]
[Termination "normal"]
[Board "8"]
[WhiteElo "1855"]
[BlackElo "1902"]
[PlyCount "143"]
[WhiteFideId "12931810"]
[BlackFideId "12964557"]
[EventCountry "GER"]
[EventRounds "9"]
[EventType "swiss"]
[EventDate "2017.06.03"]

1. Nf3 f5 2. g3 Nf6 3. Bg2 g6 4. O-O Bg7 5. d4 e6 6. c4 d6 7. Nc3 O-O 8. Ng5
Qe7 9. e4 h6 10. Nh3 e5 11. dxe5 dxe5 12. exf5 gxf5 13. Nd5 Qd6 14. Nxf6+ Qxf6
15. Bd5+ Kh8 16. Qh5 c6 17. Bg5 Qd6 18. Bf7 Rxf7 19. Qxf7 hxg5 20. Nxg5 Bd7 21.
Rad1 Qf6 22. Qh5+ Kg8 23. c5 Qe7 24. Rd6 Kf8 25. Nh7+ Kg8 26. Qg6 Be8 27. Qxf5
Nd7 28. b4 Qf7 29. Qxf7+ Kxf7 30. Ng5+ Ke7 31. Re1 a5 32. a3 axb4 33. axb4 Ra4
34. Re4 Bf6 35. Re6+ Kd8 36. f4 Bxg5 37. fxg5 Nxc5 38. Rxe8+ Kxe8 39. Rxe5+ Kf7
40. bxc5 Rb4 41. Kg2 b6 42. cxb6 Rxb6 43. h4 Kg6 44. Kh3 Ra6 45. Rc5 Rb6 46.
Rc4 Ra6 47. Kg4 Rb6 48. h5+ Kg7 49. g6 Kh6 50. Kh4 Rb5 51. g4 c5 52. Kg3 Rb3+
53. Kf4 Rb5 54. Ke5 Ra5 55. Kd5 Rb5 56. Rxc5 Rb4 57. Rc4 Rb5+ 58. Kd6 Rg5 59.
Ke6 Ra5 60. Rd4 Ra6+ 61. Kf5 Ra5+ 62. Kf4 Ra7 63. Kg3 Ra3+ 64. Kh4 Ra5 65. Rf4
Rb5 66. Rf8 Ra5 67. g5+ Kg7 68. Rf7+ Kg8 69. h6 Ra4+ 70. Kh5 Ra8 71. h7+ Kh8
72. Kh6 1-0